FIND THE DUOLOGY #booktokedition - Statistics

General Stats
  • This quiz has been taken 127 times
  • The average score is 3 of 10
Answers on the Grid
Answers color-coded by a green-red scale on the quiz's grid according to % correct below.
One Dark Window
Caraval
Shatter Me
Kingdom of the Wicked
Crooked Kingdom
The Wrath and the Dawn
Red Queen
House of Earth and Blood
Six of Crows
Quicksilver
From Blood and Ash
The Cruel Prince
Daughter of the Pirate King
Fable
Fourth Wing
Spin the Dawn
Dance of Thieves
Malevolent King
Grisha
A Court of Thorns and Roses
A Game of Thrones
This Savage Song
 
Answer Stats
Answer % Correct
Six of Crows
76%
One Dark Window
63%
Crooked Kingdom
62%
Dance of Thieves
37%
Daughter of the Pirate King
36%
The Wrath and the Dawn
13%
Fable
9%
Spin the Dawn
8%
This Savage Song
8%
Malevolent King
4%
No matching quizzes found
Score Distribution
Percent of People with Each Score
Percentile by Number Answered
Your Score History
You have not taken this quiz